000 00502nam a2200169 i 4500
001 73211
003 ES-MaACL
005 20250821063030.0
007 t|
008 040907s1933 mx ||||1| spa d
100 1 _aGómez Farías, Valentín,
_d1781-1858
_957951
245 1 0 _aGómez Farias y la reforma educativa de 1833.
260 _a[México :
_bs.n.,
_c1933] (
_fTalleres Gráficos de la Nación)
300 _a63 p. ;
_c23 cm.
852 _aES-MaACL
_j1809-F-3
999 _c73211
_d73211